දෙවන සුනාමිය : (Record no. 3431)

MARC details
000 -LEADER
fixed length control field 01002nam a2200217 4500
003 - CONTROL NUMBER IDENTIFIER
control field LK-CoMWRAF
005 - DATE AND TIME OF LATEST TRANSACTION
control field 20240103124041.0
008 - FIXED-LENGTH DATA ELEMENTS--GENERAL INFORMATION
fixed length control field 230906b2009 |||||||| |||| 00| 0 eng d
020 ## - INTERNATIONAL STANDARD BOOK NUMBER
International Standard Book Number 9789551772550
040 ## - CATALOGING SOURCE
Original cataloging agency LK-CoMWRAF
Modifying agency LK-CoMWRAF
Description conventions LK-CoMWRAF
041 ## - LANGUAGE CODE
Language code of text/sound track or separate title Sinhala; Sinhalese
082 ## - DEWEY DECIMAL CLASSIFICATION NUMBER
Classification number 363.34
Item number SIL
942 ## - ADDED ENTRY ELEMENTS (KOHA)
Koha item type Books
100 ## - MAIN ENTRY--PERSONAL NAME
Personal name සිල්වා, ප්‍රේමකුමාර ද
245 ## - TITLE STATEMENT
Title දෙවන සුනාමිය :
Remainder of title ශ්‍රී ලංකාවේ දකුණේ සුනාමි-පීඩිත ගම්වැසියන් අතර සාමකාමී සහජීවනය නැතිවී යාම
246 ## - VARYING FORM OF TITLE
Title proper/short title Dewana sunamiya : Sri lankawee dakunee sunaami - peeditha gamwasiyan athara samakaamee sahajeewanaya nathiwee yaama
260 ## - PUBLICATION, DISTRIBUTION, ETC. (IMPRINT)
Place of publication, distribution, etc. කොළඹ :
Name of publisher, distributor, etc. සමාජ විද්‍යාඥයින්ගේ සංගමය,
Date of publication, distribution, etc. 2009
300 ## - PHYSICAL DESCRIPTION
Extent පි. 150
650 ## - SUBJECT ADDED ENTRY--TOPICAL TERM
Topical term or geographic name as entry element සුනාමි
650 ## - SUBJECT ADDED ENTRY--TOPICAL TERM
Topical term or geographic name as entry element සමාජ සම්බන්ධතා
Holdings
Withdrawn status Lost status Damaged status Not for loan Permanent Location Current Location Date acquired Full call number Barcode Koha item type
        Resource center, Muslim Women's Research And Action Forum Resource center, Muslim Women's Research And Action Forum 2023-09-06 363.34 SIL RAF868 Books
        Resource center, Muslim Women's Research And Action Forum Resource center, Muslim Women's Research And Action Forum 2023-12-14 363.34 SIL RAF4815 Books

Copyright © 2023 Muslim Women's Research and Action Forum (MWRAF), No 27/3, Anderson Road, Kalubowila, Dehiwela. Funded by The Asia Fundation